मानववाद : (Record no. 118681)

MARC details
000 -LEADER
fixed length control field 01195nam a22002657a 4500
005 - DATE AND TIME OF LATEST TRANSACTION
control field 20170124103119.0
010 ## - LIBRARY OF CONGRESS CONTROL NUMBER
LC control number A-724492
020 ## - INTERNATIONAL STANDARD BOOK NUMBER
Terms of availability 00.00
035 ## - SYSTEM CONTROL NUMBER
System control number A-724492
037 ## - SOURCE OF ACQUISITION
Source of stock number/acquisition Cen Lib/Ret
040 ## - CATALOGING SOURCE
Original cataloging agency DPL
Language of cataloging HN
082 ## - DEWEY DECIMAL CLASSIFICATION NUMBER
Classification number 301.153
Item number ज्योतिअ
100 ## - MAIN ENTRY--PERSONAL NAME
Personal name ज्योति अरुण
9 (RLIN) 81426
245 ## - TITLE STATEMENT
Title मानववाद :
Statement of responsibility, etc ज्योति अरुण
Remainder of title गाँधी एवं सात्र /
246 ## - VARYING FORM OF TITLE
Title proper/short title Manavvaad : Gandhi evam satra /
Remainder of title by Jyoti Arun
260 ## - PUBLICATION, DISTRIBUTION, ETC. (IMPRINT)
Place of publication, distribution, etc जयपुर
Name of publisher, distributor, etc प्रिंटवैल
Date of publication, distribution, etc 1994
270 ## - ADDRESS
City जयपुर
Address एस-12, शोपिंग काम्प्लेक्स, तिलक नगर
Postal code 302004
300 ## - PHYSICAL DESCRIPTION
Extent 150पृ.
Dimensions 20सेमी(सजिल्द )
500 ## - GENERAL NOTE
General note सन्दर्भ सूची शामिल
650 ## - SUBJECT ADDED ENTRY--TOPICAL TERM
Topical term or geographic name as entry element मानवतावाद अवधारणा
General subdivision
Geographic subdivision
9 (RLIN) 69942
650 ## - SUBJECT ADDED ENTRY--TOPICAL TERM
Topical term or geographic name as entry element मानवतावाद अवधारणा--गांधीवाद
9 (RLIN) 78963
650 ## - SUBJECT ADDED ENTRY--TOPICAL TERM
Topical term or geographic name as entry element The concept of humanism
9 (RLIN) 81427
650 ## - SUBJECT ADDED ENTRY--TOPICAL TERM
Topical term or geographic name as entry element The concept of humanism - Gandhiana
9 (RLIN) 81428
942 ## - ADDED ENTRY ELEMENTS (KOHA)
Source of classification or shelving scheme Dewey Decimal Classification
Koha item type Hindi Books
Classification part 301.153
Call number suffix ज्योतिअ
Holdings
Withdrawn status Lost status Damaged status Not for loan Home library Current library Date acquired Source of acquisition Cost, normal purchase price Total Checkouts Full call number Barcode Date last seen Copy number Cost, replacement price Price effective from Koha item type
        Central Library Central Library 12/09/2015 Cen Lib/Ref 0.00   301.153 ज्योतिअ A-724492 12/09/2015 1 0.00 12/09/2015 Hindi Books

© Delhi Public Library
Hit Counter
free hit counter